माणूस आणि कळस (Record no. 330823)

MARC details
000 -LEADER
fixed length control field 00557nam a2200169Ia 4500
008 - FIXED-LENGTH DATA ELEMENTS--GENERAL INFORMATION
fixed length control field 090711s9999 xx 000 0 und d
082 ## - DEWEY DECIMAL CLASSIFICATION NUMBER
Item number 44928
100 ## - MAIN ENTRY--PERSONAL NAME
Personal name गोखले अरविंद
245 ## - TITLE STATEMENT
Title माणूस आणि कळस
260 ## - PUBLICATION, DISTRIBUTION, ETC. (IMPRINT)
Name of publisher, distributor, etc श्रीविद्या प्रकाशन
Date of publication, distribution, etc 1982
300 ## - PHYSICAL DESCRIPTION
Extent 162
600 ## - SUBJECT ADDED ENTRY--PERSONAL NAME
Personal name गोखले अरविंद
630 ## - SUBJECT ADDED ENTRY--UNIFORM TITLE
Uniform title माणूस आणि कळस
700 ## - ADDED ENTRY--PERSONAL NAME
Personal name गोखले अरविंद
730 ## - ADDED ENTRY--UNIFORM TITLE
Uniform title माणूस आणि कळस
942 ## - ADDED ENTRY ELEMENTS (KOHA)
Koha item type Book
Holdings
Withdrawn status Lost status Damaged status Not for loan Home library Current library Date acquired Cost, normal purchase price Total Checkouts Full call number Barcode Date last seen Cost, replacement price Price effective from Koha item type
        Dadar Sarvajanik Vachanalaya, Dardar Dadar Sarvajanik Vachanalaya, Dardar 07/11/2009 25.00   44928 DASAVA-44928 07/11/2009 25.00 07/11/2009 Book